| 000 | 01407nam a2200385 c 4500 | ||
|---|---|---|---|
| 003 | BLK | ||
| 005 | 20190321154224.0 | ||
| 008 | 180409b bul|||||r ||||||| ||bul|| | ||
| 010 | _aKNG00108940000 | ||
| 020 |
_a954-9904-28-8 _bиздат.: Одри |
||
| 040 | _aBLK | ||
| 041 |
_aBUL _cBUL |
||
| 080 |
_aМетафизически идеализъм _b141.13 _x _z141.13 |
||
| 100 | 1 |
_aБрюн, Жан _eпърви автор _9271249 |
|
| 700 | 1 |
_aЙончев, Марио _eпрев. от фр. _9363331 |
|
| 700 | 1 |
_aХристов, Иван _eнауч. ред. _9369031 |
|
| 139 |
_aБрюн, Жан _bБ 83 |
||
| 245 | 1 | 0 |
_aНеоплатонизмът _cЖан Брюн; прев. от фр. Марио Йончев; науч. ред. Иван Христов. |
| 257 | _aFRA | ||
| 260 |
_аВраца _bОдри _c2002 _fВраца : БГ - Принт |
||
| 300 |
_a127 с. _c20 см |
||
| 380 | _a1 | ||
| 490 | 1 |
_aБиблиотека Компас _v28 |
|
| 500 | _aОриг. загл. L'neoplatonisme / Jean Brun. - Библиогр. с. 120-124 | ||
| 504 | _a120-124 | ||
| 650 | 4 |
_aДревна Гърция - философия _9242036 |
|
| 650 | 4 |
_aНеоплатонизъм _9164146 |
|
| 653 | _aфилософия | ||
| 653 | _aнеоплатонизъм | ||
| 852 | _aЦб 216674 | ||
| 856 | 4 |
_qpdf _u |
|
| 856 | 4 |
_qpdf _u |
|
| 942 |
_cKNG _n0 _01 |
||
| 944 |
_aCR _c14.11.2003 _kГеновева_Генчева |
||
| 944 |
_aED _c07.03.2007 _k |
||
| 999 |
_c103860 _d103860 |
||